|
|
|
|
| LEADER |
00000nam#a22000001a#4500 |
| 001 |
00002297 |
| 003 |
AR-BaUAD |
| 005 |
20230908140415.0 |
| 008 |
931122s1942####fr#||||##||||||||#||fre|d |
| 040 |
|
|
|a AR-BaUAD
|b spa
|c AR-BaUAD
|
| 041 |
|
|
|a fre
|
| 044 |
|
|
|c fr
|2 ISO3166-1
|
| 100 |
1 |
|
|a Mauclair, Camille Faust
|
| 245 |
1 |
0 |
|a Le secret de Watteau
|
| 260 |
|
|
|a Paris :
|b A. Michel,
|c c1942
|
| 300 |
|
|
|a 268 p., láms.
|
| 653 |
|
|
|a PINTURA
|
| 653 |
|
|
|a HISTORIA
|
| 653 |
|
|
|a ARTE
|
| 653 |
|
|
|a WATTEAU, JEAN ANTOINE
|
| 653 |
|
|
|a FRANCIA
|
| 655 |
|
|
|a MONOGRAF
|
| 852 |
|
|
|c 69-2
|
| 952 |
|
|
|0 0
|1 0
|4 0
|6 692
|7 0
|9 8827
|a AR-BaUAD
|b AR-BaUAD
|d 0000-00-00
|e compra Viau
|g 8.00
|i 2297
|l 0
|o 69-2
|p ke45r2297
|r 2023-09-08 14:04:15
|w 2023-09-08
|y BK
|
| 990 |
|
|
|a Ej. No1 : 2297 . 27/10/1948 -- compra Viau -- (8 pesos).
|b ADM
|
| 990 |
|
|
|a A194
|b TD
|
| 990 |
|
|
|a SIGLO XVIII
|b AC
|
| 990 |
|
|
|a AAQ00002297
|b CC
|
| 998 |
|
|
|a AAQ
|b Bibun 76
|
| 942 |
|
|
|c BK
|
| 999 |
|
|
|c 3917
|d 3917
|